000
00357nam a2200157Ia 4500
003
OSt
005
20240412123801.0
008
170524s9999 xx 000 0 und d
020
_a
978-8120303973
040
_c
iimtu
100
_a
Murdick Robert
245
0
_a
Informations System for Moden Management
260
_b
PHI
260
_c
2009
942
_2
ddc
_c
02
999
_c
5601
_d
5601